Konstrukce ze dřeva a plastů : výpočet prvků dřevěných konstrukcí /

Hlavní autor: Straka, Bohumil
Jazyk: Čeština
Vydáno: Brno : Vysoké učení technické, 1980
Vydání: 3. nezm. vyd.
Edice: Učební texty vysokých škol
Fyzický popis: 84 s.
Knihy
Uloženo v:
LEADER 00736nam a22002172a 4500
001 000351225
003 CZ BrMZK
005 19980103143423.0
008 980103s1980 xr f cze d
040 |a BOA001  |b cze 
080 |a 624.011.1  |2 MRF 
100 1 |a Straka, Bohumil  |7 jk01121301  |4 aut 
245 1 0 |a Konstrukce ze dřeva a plastů :  |b výpočet prvků dřevěných konstrukcí /  |c B. Straka 
250 |a 3. nezm. vyd. 
260 |a Brno :  |b Vysoké učení technické,  |c 1980 
300 |a 84 s. 
490 1 |a Učební texty vysokých škol 
830 0 |a Učební texty vysokých škol 
910 |a BOA001  |b TK-A-0200.257 
990 |a BK 
996 7 |b 2629975705  |c TK-A-0200.257  |l MZK  |r Sklad / do 24 hodin  |n 3  |w 000351225  |u 000010  |a 1  |e BOA001  |j MZK50  |s A